Ethnic Groups of Nigeria - Statistics

General Stats
  • This quiz has been taken 43 times
  • The average score is 4 of 8
Answer Stats
% Group % Correct
15.2% Igbo
100%
30% Hausa
91%
15.5% Yoruba
91%
6% Fulani
47%
1.8% Ijaw
26%
2% Ibibio
21%
2.4% Kanuri
15%
2.4% Tiv
12%
No matching quizzes found
Score Distribution
Percent of People with Each Score
Percentile by Number Answered
Your Score History
You have not taken this quiz